000 00678cam a2200253 4500
001 M84901
008 090401t1997 xxu||||| |||| 00| 0 eng d
035 _a(Sirsi) u79314
041 _aeng
050 _a333.33
110 _aHM Land Registry
_91247
245 _aResidential property price report. - 1996 annual review
260 _aLondon
_bHM Land Registry
_c1997
300 _a8p. ; 30cm.
350 _a0
650 _aHOUSE PRICES
650 _aHOUSE SALES
650 _aHOUSING MARKET
650 _aPRICES
650 _aRESIDENTIAL PROPERTY
_96266
690 _aPROPERTY-RESIDENTIAL PROPERTY-RESIDENTIAL PROPERTY MARKET
942 _n0
948 _c30/06/1997
999 _c96520
_d96520